Finanzas públicas y derecho tributario /

Guardado en:
Autor Principal: Jarach, Dino
Formato: Libro
Idioma:Spanish
Publicado: Buenos Aires : Abeledo Perrot, 1999.
Edición:3a. ed.
Materias:
Etiquetas: Agregar Etiqueta
Sin Etiquetas, Sea el primero en etiquetar este registro!
LEADER 00517nam a22001695a 4500
001 DER.der000402
008 180615s1999####ag#||||||||||||||#||spa||
005 20241113122823.0
245 1 0 |a Finanzas públicas y derecho tributario /  |c Dino Jarach 
250 |a 3a. ed. 
260 |a Buenos Aires :  |b Abeledo Perrot,  |c 1999. 
300 |a 968 p. 
020 |a 9502012305 
100 1 |a Jarach, Dino 
650 7 |a DERECHO TRIBUTARIO 
859 |a DERECHO  |b BIB. DERECHO  |h 344.3  |i JAR  |p 000735 
859 |a DERECHO  |b BIB. DERECHO  |h 344.3  |i JAR  |p 001290  |t 1